| 000 | 00651nam a2200193 a 4500 | ||
|---|---|---|---|
| 001 | 000492021 | ||
| 003 | AM-YEHGA | ||
| 005 | 20250617160633.0 | ||
| 008 | 060608s1960 r 000 0 rus d | ||
| 040 | _aAM-YeHGA | ||
| 041 | 0 | _arus | |
| 100 | 1 | _aОрехов, Владимир Васильевич | |
| 245 | 1 | 0 |
_aРемонт телевизоров / _cВ.В. Орехов, Р.В. Фельдман. |
| 260 |
_aМосква : _bКОИЗ, _c1960. |
||
| 300 |
_a248 с. : _bил. |
||
| 650 | 1 | 4 | _aПередача изображения. Телевидение |
| 700 | 1 | _aФельдман, Роман Всеволодович | |
| 090 | _c460292 | ||
| 999 |
_c457251 _d457251 |
||